000 00232nam a2200085Ia 4500
245 0 _aHow to be a better parent
100 _a JARDINE, Cassandra London, 2003
_989385
942 _cBK
008 210825s9999 xx 000 0 und d
999 _c502612
_d502611